| 000 | 00784nam a2200241 i 4500 | ||
|---|---|---|---|
| 003 | DO-SdBNP | ||
| 005 | 20240906144548.0 | ||
| 007 | ta | ||
| 008 | 240906s2005 dr 000 j spa d | ||
| 040 |
_aDO-SdBNP _bspa _cBNPHU _erda |
||
| 082 |
_bM375 _222 |
||
| 100 | 1 |
_aMarte Pérez, Delio Anibal _911765 _d1952- _eautor |
|
| 245 | 1 | 3 |
_aLa historia de Camú / _cDelio Anibal Marte Pérez |
| 264 | 1 |
_aPuerto Plata, República Dominicana : _b[editor no identificado], _c2005. |
|
| 300 |
_a23 páginas, _c21 cm. |
||
| 336 |
_atexto _btxt _2rdacontent |
||
| 337 |
_asin mediación _bn _2rdamedia |
||
| 338 |
_avolumen _bnc _2rdacarrier |
||
| 500 | _aIncluye datos biográficos del autor en la página 23. | ||
| 590 | _aInventariado, 2024/ YL | ||
| 910 | _aYLockward | ||
| 942 |
_2ddc _cLF2 |
||
| 999 |
_c57647 _d57647 |
||